| 000 | 01832ngm a2200445 a 4500 | ||
|---|---|---|---|
| 003 | BLK | ||
| 005 | 20240607134300.0 | ||
| 008 | 180410b bul||n||s|||||||| mlbulo| | ||
| 010 | _aCDD00008286000 | ||
| 040 | _aBLK | ||
| 041 |
_aDEU _cDEU |
||
| 072 | 7 |
_2bullib _aФ0601 _xИгрални филми Ф |
|
| 080 |
_aХудожествени филмови жанрове _b791.221/.228 _z791.221/.228 |
||
| 080 |
_aФрансиско Хосе де Гоя и Лусиентес. Испански художник и график (1746-1828) _b929 Гоя, Франсиско _z929 Гоя, Франсиско |
||
| 245 | 1 | 0 |
_aGoya [DVD видео] _bSpielfilm _creg. Konrad Wolf; drehbuchaut. Angel Wagenstein; darst. Donatas Banionis; darst. Olivera Katarina; darst. Fred Duren; darst. Tatjana Lolowa; Анжел Раймонд Вагенщайн; Татяна Желязкова Лолова. |
| 257 | _aDEU | ||
| 260 |
_bGoethe-Inst. _c2014 _g1971 _aSofia |
||
| 300 |
_a1 DVD _bPAL : цв. _c12 см |
||
| 306 | _a129 мин. | ||
| 380 | _a7 | ||
| 600 | 1 | 4 |
_aГоя, Франсиско _955617 |
| 659 | _aФ | ||
| 700 | 1 |
_aWolf, Konrad _ereg. _9387967 |
|
| 700 | 1 |
_aWagenstein, Angel _edrehbuchaut. _9355572 |
|
| 700 | 1 |
_aBanionis, Donatas _edarst. _94404 |
|
| 700 | 1 |
_aKatarina, Olivera _edarst. _914770 |
|
| 700 | 1 |
_aDuren, Fred _edarst. _99157 |
|
| 700 | 1 |
_aLolowa, Tatjana _edarst. _917203 |
|
| 700 | 1 |
_aВагенщайн, Анжел Раймонд _e* _9387744 |
|
| 700 | 1 |
_aЛолова, Татяна Желязкова _e* _9365084 |
|
| 760 | 1 | _t | |
| 852 |
_aЦб CD 3771 _p0 |
||
| 856 | 4 |
_qpdf _u |
|
| 856 | 4 |
_qpdf _u |
|
| 942 |
_cCDD _n0 |
||
| 944 |
_aCR _c27.06.2014 _k30542 _lРусанова Ирена |
||
| 944 |
_aED _c01.07.2014 |
||
| 999 |
_c227296 _d227296 |
||
| 999 | _d227296 | ||